Effective management of Benchmarking projects: practical guidelines and examples of best practice (Record no. 391883)

000 -LEADER
fixed length control field 00438cam a22001337a 4500
008 - FIXED-LENGTH DATA ELEMENTS--GENERAL INFORMATION
fixed length control field 180718b1998 xxu||||| |||| 00| 0 eng d
020 ## - INTERNATIONAL STANDARD BOOK NUMBER
International Standard Book Number 0750639873
082 ## - DEWEY DECIMAL CLASSIFICATION NUMBER
Classification number I5 Z16
100 ## - MAIN ENTRY--PERSONAL NAME
Personal name Zairi, Mohamed
245 ## - TITLE STATEMENT
Title Effective management of Benchmarking projects: practical guidelines and examples of best practice
Statement of responsibility, etc. by Mohamed Zairi
260 ## - PUBLICATION, DISTRIBUTION, ETC.
Place of publication, distribution, etc. Oxford
Name of publisher, distributor, etc. Butterworth-Heinemann
Date of publication, distribution, etc. 1998
300 ## - PHYSICAL DESCRIPTION
Extent 348p.
650 ## - SUBJECT ADDED ENTRY--TOPICAL TERM
Topical term or geographic name entry element Benchmarking (Management)
Holdings
Withdrawn status Lost status Damaged status Not for loan Permanent Location Current Location Date acquired Full call number Barcode Date last seen Price effective from Koha item type
        Indian Institute of Public Administration Indian Institute of Public Administration 2000-03-26 I5 Z16 75115 2018-07-21 2018-07-21 Book

Powered by Koha